000 00259nam a22001217a 4500
008 180922b xxu||||| |||| 00| 0 eng d
041 _aeng
080 _a701
100 _a45
101 _aKIN
245 _aNotre-Dame De Paris
_cWinston, C
942 _2udc
_cBK
999 _c48248
_d48248